Lecciones de análisis

Saved in:
Bibliographic Details
Main Author: Severi, Francesco (Author)
Format: Book
Language:Spanish
Published: Barcelona Labor 1951
Subjects:
Tags: Add Tag
No Tags, Be the first to tag this record!

MARC

LEADER 00000nam a2200000 a 4500
001 UCP0603
003 CL-VaPUC
008 990313e19510000SP |||||||||||||||||spa|d
082 0 4 |a 515  |b SEV  |2 21 
100 0 |a Severi, Francesco  |e author  |9 425976 
245 1 0 |a Lecciones de análisis 
300 |a v 
942 |c BK 
945 |d 19990313 00:00:00  |a crobeson 
260 |a Barcelona  |b Labor  |c 1951 
500 |a v.1: Determinantes, ecuaciones lineales, límites, derivadas y diferenciales, funciones y ecuaciones algebraicas 
500 |a v.2: Series de funciones, aplicaciones geométricas, integrales rectilineas, funciones de varias variables, derivaciones e integraciones 
500 |a v.3: Ecuaciones diferenciales ordinarias y sus sistemas, problemas de contorno, series trigonométricas, aplicaciones geométricas 
650 0 |a Análisis matemático   |9 260146 
650 0 |a Cálculo  |9 260234 
650 0 |a Análisis funcional   |9 269993 
650 7 |a DETERMINANTES  |2 CL-VaPUC  |9 425977 
650 0 |a Ecuaciones lineales   |9 342219 
650 0 |a Funciones   |9 263869 
650 0 |a Ecuaciones algebraicas   |9 359705 
583 |a last modification  |c 19990313 00:00:00  |k Rodrigo Vera 
999 |c 279366  |d 279364 
952 |0 0  |1 0  |4 0  |6 515_000000000000000_SEV_1951  |7 0  |8 A  |9 318472  |a BIBMAT  |b BIBMAT  |d 2019-11-20  |h v.1  |i 1324667  |o 515 SEV 1951  |p 1324667  |r 2025-01-07  |w 2019-11-20  |y BK  |k MAT 
952 |0 0  |1 0  |4 0  |6 515_000000000000000_SEV_1951  |7 0  |8 A  |9 318473  |a BIBMAT  |b BIBMAT  |d 2019-11-20  |h v.2  |i 1324683  |o 515 SEV 1951  |p 1324683  |r 2025-01-07  |w 2019-11-20  |y BK  |k MAT 
952 |0 0  |1 0  |4 0  |6 515_000000000000000_SEV_1951  |7 0  |8 A  |9 318474  |a BIBMAT  |b BIBMAT  |d 2019-11-20  |h v.3  |i 1324675  |o 515 SEV 1951  |p 1324675  |r 2025-01-07  |w 2019-11-20  |y BK  |k MAT